00471 a2200169 450000100060000002000180000604000220002410000170004624000240006324500190008730000080010636200090011465000430012394200070016695201110017399900170028468157 a9781447203162 cAnchieta - Pituba aJames, Peter10aPerfect peopleleng10aPerfect people a5970 a2011 4aFicção norte-americana em inglês cBK 00104070a91.1b91.1d2023-11-21l0o813.73 J28p JAM PERp23522/PITr2023-11-21 18:36:12w2023-11-21yBK c68157d68157